| 000 | 00831cad a22001935a 4500 | ||
|---|---|---|---|
| 001 | L156438 | ||
| 008 | 120522e2012 xxk 000 0 eng d | ||
| 035 | _a(Sirsi) u156438 | ||
| 041 | 0 | _aeng | |
| 110 | 2 |
_aEuroProperty _91216 |
|
| 245 | 0 | 0 |
_aSurvey _bFrance |
| 260 | _c2012 | ||
| 490 | 0 |
_aEuroProperty _v14 May 2012, 17-21(5) |
|
| 520 | _aForeign investors are still attracted to high-street assets and other prime retail properties in France though these properties are difficult to find. Domestic buyers are becoming more active. A shortage of energy-efficient buildings is hitting Paris office take-up but vacancies remain low. Figures showing commercial real estate investment in France, and investment share by sector Q1 2012. | ||
| 590 | _aKA | ||
| 651 | 4 | _aFrance | |
| 690 |
_aCommercial property _96227 |
||
| 942 | _n0 | ||
| 999 |
_c84012 _d84012 |
||